Cargo sa presúva do starého železa
Riešenie zadlženosti Železničnej spoločnosti Cargo predajom vozňov. Privatizácia dcérskej spoločnosti Cargo Wagon švajčiarskou firmou AAE Ahaus Alstätter Eisenbahn. Odpredávanie starých lokomotív. Krehká stabilita Carga.
Gespeichert in:
| 1. Verfasser: | |
|---|---|
| Format: | Buchkapitel |
| Sprache: | Slowakisch |
| Schlagworte: | |
| Tags: |
Keine Tags, Fügen Sie das erste Tag hinzu!
|
MARC
| LEADER | 00000naa a2200000 4500 | ||
|---|---|---|---|
| 001 | 0188938 | ||
| 005 | 20231113101434.7 | ||
| 041 | 0 | |a slo | |
| 044 | |a SK | ||
| 245 | 1 | 0 | |a Cargo sa presúva do starého železa |c Ján Kováč |
| 520 | |a Riešenie zadlženosti Železničnej spoločnosti Cargo predajom vozňov. Privatizácia dcérskej spoločnosti Cargo Wagon švajčiarskou firmou AAE Ahaus Alstätter Eisenbahn. Odpredávanie starých lokomotív. Krehká stabilita Carga. | ||
| 610 | 2 | 0 | |a doprava železničná nákladná |
| 610 | 2 | 0 | |a dlhy |
| 610 | 2 | 0 | |a zadlženosť |
| 610 | 2 | 0 | |a privatizácia |
| 610 | 2 | 0 | |a investície zahraničné |
| 610 | 2 | 0 | |a predaj |
| 610 | 2 | 0 | |a Slovensko |
| 610 | 2 | 0 | |a Švajčiarsko |
| 100 | 1 | |a Kováč, Ján | |